000 00858nam a2200217 i 4500
001 9525
003 ES-MaACL
005 20250730174140.0
007 t|
008 931007s1992 sp ||||1| spa d
080 _a82(Orwell,G.1.06)
100 1 _aGoicoechea Ocerinjauregui, María del Pilar.
_957613
245 1 3 _aEl Socialismo humanista de George Orwell y la Europa de su tiempo en su obra literaria (1903-1950) /
_cTesis realizada por María del Pilar Goicoechea Ocerinjauregui ; dirigida por Mario Hernández Sánchez Barba.
260 _aMadrid :
_b[s.n.],
_c1992.
300 _a2 v. ;
_c30 cm.
502 _aTesis Univ. Complutense, Madrid.
600 1 4 _aOrwell, George-
_xCrítica e interpretación.
_987704
700 1 _aHernández Sánchez-Barba, Mario,
_d1925-2021
_963053
852 _aES-MaACL
_jL-16988-9
_bR.121411
999 _c9525
_d9525